000
00232nam a2200097Ia 4500
001
1229307
005
20250827093058.0
008
250824s9999 xx 000 0 und d
245
0
_a
KARA LİSTE
_c
BRAD THOR
260
_b
ALTIN KİTAPLAR
999
_c
1229307
_d
1229307